A cold peace : America, Japan, Germany, and the struggle for supremacy
This book consists of the following many parts: challenging old assumptions, Germany and japan in the American mind, different historical legacies, different kinds of capitalism, open vs closed societies, dividing up the world, the leadership vacuum, America in the American mind.
שמור ב:
| מחבר ראשי: | |
|---|---|
| פורמט: | ספר |
| שפה: | Undetermined |
| יצא לאור: |
New York
Times Books
1992
|
| נושאים: | |
| תגים: |
הוספת תג
אין תגיות, היה/י הראשונ/ה לתייג את הרשומה!
|
| Thư viện lưu trữ: | Trung tâm Học liệu Trường Đại học Cần Thơ |
|---|
| LEADER | 00853nam a2200217Ia 4500 | ||
|---|---|---|---|
| 001 | CTU_107863 | ||
| 008 | 210402s9999 xx 000 0 und d | ||
| 082 | |a 303.48 | ||
| 082 | |b G244 | ||
| 100 | |a Garten, Jeffrey E. | ||
| 245 | 2 | |a A cold peace : | |
| 245 | 0 | |b America, Japan, Germany, and the struggle for supremacy | |
| 245 | 0 | |c Jeffrey E. Garten | |
| 260 | |a New York | ||
| 260 | |b Times Books | ||
| 260 | |c 1992 | ||
| 520 | |a This book consists of the following many parts: challenging old assumptions, Germany and japan in the American mind, different historical legacies, different kinds of capitalism, open vs closed societies, dividing up the world, the leadership vacuum, America in the American mind. | ||
| 650 | |a World politics | ||
| 650 | |y 1985- 1995 | ||
| 904 | |i M.Loan | ||
| 980 | |a Trung tâm Học liệu Trường Đại học Cần Thơ | ||